000 02561cam a22005894i 4500
003 PE-LiUPU
005 20250731180156.0
008 150616s r 000 0 d
020 _a9684225636
035 _a(Sirsi) i9789684225633
040 _aPE-LiUPU
_bspa
_cPE-LiUPU
_erda
049 _aPRUA
082 0 4 _a519
_bB87/e
_221
100 1 _aBudnick, Frank S.,
_eautor.
245 1 0 _aMatemáticas Aplicadas para Administración, Economía y Ciencias Sociales /
_cFrank S. Budnick ; tr. Efrén Alatorre Miguel.
264 1 _aMéxico :
_bMcGraw-Hill/Interamericana de México,
_c1990.
300 _a948 páginas ;
_c23 centímetros
336 _atext
_2rdacontent
337 _aunmediated
_2rdamedia
338 _avolume
_2rdacarrier
505 0 _aFunciones matemátics.- Ecuaciones lineales.- Ecuaciones lineales: aplicaciones.- Sistemas de ecuaciones lineales.- Algebra de matrices.- Programación lineal: una introducción.- El método símplex.- Otras aplicaciones y extensiones de la programación lineal.- Introducción a la teoría de probabilidad.
526 _aSEG44
526 _aSEG26
526 _aP159
526 _aP155
526 _aP154
526 _aP153
526 _aP150
526 _aP100
526 _aP31
526 _aP30
526 _aP26
526 _aP25
526 _aP24
526 _aP22
526 _aP15
526 _aP10
650 0 4 _aMatemáticas comerciales.
910 _ajck
_bjvq
_cjck
942 _2ddc
_cBOOK
949 _a519 B87/E
_wDEWEY
_c1
_i41612
_lCCODEBUL1
_mBUL
_r0
_sY
_tBOOK
_u2015-4-23
_xFCE
_PP08
_0COMPRA
_o.STAFF. Colección General
949 _a519 B87/E
_wDEWEY
_c2
_i30730
_lCCODEBUL1
_mBUL
_r0
_sY
_tBOOK
_u2015-4-23
_xFCE
_PP08
_0COMPRA
_o.STAFF. Colección General
949 _a519 B87/E
_wDEWEY
_c3
_i32086
_lCCODEBUL1
_mBUL
_r0
_sY
_tBOOK
_u2015-4-23
_xFCE
_PP08
_0COMPRA
_o.STAFF. Colección General
994 _aC0
_bPEPRU
596 _a1
999 _a519 B87/E
_wDEWEY
_c59278
_i41612
_f2021-11-5
_g6
_lCCODEBUL1
_mBUL
_r0
_sN
_tBOOK
_u2015-4-23
_xBIBLIOTECA
_PP08
_0COMPRA
_o.STAFF. Colección General
_d59278
999 _a519 B87/E
_wDEWEY
_c2
_i30730
_d2018-5-7
_e2018-5-3
_f2021-11-5
_g7
_lCCODEBUL1
_mBUL
_n1
_q1
_r0
_sN
_tBOOK
_u2015-4-23
_xBIBLIOTECA
_PP08
_0COMPRA
_o.STAFF. Colección General
999 _a519 B87/E
_wDEWEY
_c3
_i32086
_f2021-11-5
_g6
_lCCODEBUL1
_mBUL
_r0
_sN
_tBOOK
_u2015-4-23
_xBIBLIOTECA
_PP08
_0COMPRA
_o.STAFF. Colección General
980 _81
_gALBERTO SANCHEZ Responsable de Automatización